Marketing deportivo

Gardado en:
Detalles Bibliográficos
Main Authors: Mullin, Bernard J. (autor), Hardy, Stephen (Author), Sutton, William A (Author)
Formato: Libro
Idioma:Lingua castelá
Publicado: Barcelona Paidotribo 2007
Edición:2a. ed
Series:Colección Gestión y Administración
Subjects:
Tags: Engadir etiqueta
Sen Etiquetas, Sexa o primeiro en etiquetar este rexistro!

MARC

LEADER 00000nam a2200000 a 4500
001 UCG3426
003 CL-VaPUC
008 100826e20070000SP |||||||||||||||||spa|d
020 |a 9788480191869 
082 0 4 |a 796.06  |b MUL  |2 21 
100 |a Mullin, Bernard J.  |e autor  |9 552567 
700 0 |a Hardy, Stephen  |e author  |9 552568 
700 0 |a Sutton, William A  |e author  |9 552569 
245 1 0 |a Marketing deportivo 
250 |a 2a. ed 
300 |a 299 p 
942 |c BK 
945 |d 20100826 00:00:00  |a mfarfan 
260 |a Barcelona  |b Paidotribo  |c 2007 
650 0 |a Marketing  |9 259324 
650 7 |a DEPORTE  |2 CL-VaPUC  |9 552570 
650 0 |a Administración  |9 259325 
583 |a last modification  |c 20100826 00:00:00  |k Rodrigo Vera 
490 0 |a Colección Gestión y Administración 
999 |c 342494  |d 342492 
952 |0 0  |1 0  |4 0  |6 796_060000000000000_MUL_2007  |7 0  |8 C  |9 438706  |a BIBCUR  |b BIBCUR  |d 2019-11-22  |i 4712587  |o 796.06 MUL 2007  |p 4712587  |r 2025-04-22  |w 2019-11-22  |y BK  |k DEN